000 01001nas a2200313 4500
001 BR8300748
003 BR-BrBNA
005 20231205085433.0
007 ta
008 230509b bl.|||p| |||| 00| 00por d
040 _aBR-BrBNA
_bpor
_cBiblioteca Nacional de Agricultura
041 _a(Pt)
072 _aF00
100 1 _aPereira, A.V.
100 1 _aConceicao, H.E.O.
100 1 _aRodrigues, F.M.
100 1 _aBerniz, J.M.J.
100 1 _aRossetti, A.G.
245 1 _aEfeito do espacamento sobre o crescimento e producao de porta-enxertos de seringueira [Hevea brasiliensis]
246 1 _aEffect of the spacing on rubber root-stock growth [Hevea brasiliensis]
650 _aSERINGUEIRA
650 _aENXERTO
650 _aESPACAMENTO
650 _aCRESCIMENTO
650 _aPORTA ENXERTO
773 0 _tPesquisa Agropecuaria Brasileira (Brazil)
_xISSN 0100-204X
_g(Feb 1983), v. 18(2) p. 121-127
_wBR8300748
909 _a202311
_bLúcia
_c55
_dLúcia Elande
942 _2AGRIS
_n0
_cANA
999 _c111443
_d111443